Final Episode (2000s) Quiz Stats

 Plays Quiz Updated Feb 24, 2019

Score 0/28 Timer 08:00
4 Plays Today
Episode Show % Correct
The Last One (Part Two)Friends
75.2%
Goodnight, Seattle (Part Two)Frasier
53.2%
An American Girl in Paris (Part Deux)Sex and the City
32.6%
And in the End...ER
30.7%
Made In AmericaThe Sopranos
25.3%
ChosenBuffy the Vampire Slayer
21.9%
My Name is Amy Gray...Judging Amy
15.7%
TomorrowWest Wing
15%
FreePrison Break
14.7%
Not Fade AwayAngel
14.2%
The TruthThe X-Files
10.9%
Brave New World (Part Two)Boy Meets World
10.2%
-30-The Wire
9.4%
China Syndrome (Parts One and Two)The King of Queens
9.2%
Episode Show % Correct
All the Time in the WorldAlias
8.7%
... Must Come to an EndDawson's Creek
8.7%
BygonesAlly McBeal
7.8%
Ode to JoyBeverly Hills, 90210
7.6%
Daybreak (Part Two)Battlestar Galactica
7.1%
The Bitch is BackVeronica Mars
6.9%
Fair Winds and Following SeasJAG
3.3%
Patriots and TyrantsJericho
2.8%
The Last WordThe L Word
2.7%
Something Wicked This Way ComesJoan of Arcadia
2.1%
The Final Showdown (Part Two)Walker, Texas Ranger
1.5%
Born to RunTerminator: The Sarah Connor Chronicles
1.5%
Rescue MeBaywatch
1.5%
The Lying KingThe Riches
0.6%

You're not logged in!

Compare scores with friends on all Sporcle quizzes.
OR
Log In

Sporcle TV

Today on Sporcle TV


Watch our educational content, quiz creation guides, and fun videos on Sporcle TV.

Show Comments

Extras

Top Quizzes Today


Score Distribution

Your Account Isn't Verified!

In order to create a playlist on Sporcle, you need to verify the email address you used during registration. Go to your Sporcle Settings to finish the process.

Report this User

Report this user for behavior that violates our Community Guidelines.

Details: